Tennisti con più vittorie ATP Tour Masters 1000 - Statistics

Statistiche generali
  • Questo quiz è stato fatto 56 volte
  • Il punteggio medio è 7 su 10
Statistiche sulle risposte
Nazione Numero vittorie Tennista % Corretto
Serbia 394 Novak Djokovic
100%
Spagna 406 Rafael Nadal
100%
Svizzera 381 Roger Federer
100%
Regno Unito 227 Andy Murray
94%
Svizzera 165 Stan Wawrinka
87%
Stati Uniti 211 Andre Agassi
83%
Spagna 190 David Ferrer
83%
Stati Uniti 158 Andy Roddick
52%
Repubblica Ceca 191 Tomáš Berdych
31%
Stati Uniti 193 Pete Samparas
2%
Nessun quiz corrispondente trovato
Distribuzione punteggi
Percentuale di utenti per punteggio
Percentile per numero di risposta
I tuoi punteggi nel tempo
Non hai fatto questo quiz